Municipis costaners de les comarques gironines (Catalunya) - Statistics

General Stats
  • This quiz has been taken 62 times
  • The average score is 19 of 23
Answers on the Map
Answers color-coded by a green-red scale on the quiz's map according to % correct below.
 
Answer Stats
Municipi % Correct
Cadaqués
94%
L'Escala
94%
Palamós
94%
Portbou
94%
Roses
94%
Blanes
91%
El Port de la Selva
91%
Llançà
89%
Palafrugell
89%
Sant Feliu de Guíxols
89%
Tossa de Mar
89%
Calonge
86%
Castelló d'Empúries
86%
Lloret de Mar
86%
Begur
83%
Santa Cristina d'Aro
83%
Sant Pere Pescador
83%
Torroella de Montgrí
83%
Castell-Platja d'Aro
80%
Colera
77%
Pals
74%
Mont-ras
66%
L'Armentera
54%
No matching quizzes found
Score Distribution
Percent of People with Each Score
Percentile by Number Answered
Your Score History
You have not taken this quiz